| 000 | 00391nam a2200157 4500 | ||
|---|---|---|---|
| 008 | 240918b ||||| |||| 00| 0 eng d | ||
| 020 | _a9789350009550 | ||
| 041 | _ahin | ||
| 082 |
_a891.4317 _bRAS |
||
| 100 | _aRajpal, Hukumchand | ||
| 245 | _aSamkaleen Bodh Aur Dhoomil Ka Kavya | ||
| 260 |
_aNew Delhi _bVani Prakashan _c2015 |
||
| 300 | _a207p. | ||
| 650 | _aHINDI | ||
| 942 |
_2ddc _cBK |
||
| 999 |
_c48860 _d48860 |
||